La antropología compleja de Edgar Morin : homo complexus /

I tiakina i:
Ngā taipitopito rārangi puna kōrero
Kaituhi matua: Gómez García, Pedro (autor)
Hōputu: Pukapuka
Reo:Pāniora
I whakaputaina: Granada, España : Universidad de Granada, 2003, c2003
Rangatū:(Biblioteca de Humanidades. Filosofía y Pensamiento; 3)
Ngā marau:
Ngā Tūtohu: Tāpirihia he Tūtohu
Kāore He Tūtohu, Me noho koe te mea tuatahi ki te tūtohu i tēnei pūkete!

MARC

LEADER 00000nam^a2200000^a^4500
001 000169226
005 20250521000000.0
009 20260310101228.951
020 |a 84-338-3073-2 
037 |a Acervo ITESO - Biblioteca 
041 |a ESP 
082 |a 300. 1  |b GOM 
100 |a Gómez García, Pedro  |e (autor) 
245 1 3 |a La antropología compleja de Edgar Morin :  |b homo complexus /  |c P. Gómez García. 
264 4 |a Granada, España :  |b Universidad de Granada,  |c 2003, c2003 
300 |a 201 p. 
336 |a texto  |b txt  |2 rdacontenido 
337 |a sin mediación  |b n  |2 rdamedio 
338 |a volumen  |b nc  |2 rdasoporte 
440 1 |a (Biblioteca de Humanidades.  |p Filosofía y Pensamiento;  |v 3) 
649 |a XX 
650 |a Sociólogos Franceses 
650 |a Epistemología 
650 |a Antropología Filosófica 
650 |a Antropología -  |x Tema Principal 
650 |a Sociología del Conocimiento 
650 |a Sociología 
650 |a Morin, Edgar -  |x Tema Principal 
910 |a Fondo General 
920 |a Impresos - Libros 
930 |a Colección General 
905 |a 101 
901 |a 0500105832  |b IT1  |c ACC  |u 20250521 
902 |a https://opac.biblio.iteso.mx/vufind/Record/000169226